Statistics for Exotic Fruit By Picture

Click here to take the quiz!

General Stats

  • This quiz has been taken 133 times
  • The average score is 10 of 20

Answer Stats

Answer% Correct
Starfruit
93%
Dragonfruit
90%
Lychee
87%
Passion Fruit
83%
Jackfruit
82%
Guava
80%
Durian
75%
Persimmon
71%
Rambutan
68%
Kumquat
55%
Mangosteen
49%
Quince
37%
Longan
34%
Kiwi Berry
30%
Kiwano
28%
Ackee
19%
Cherimoya
19%
Loquat
19%
Feijoa
17%
Pluot
11%

Score Distribution

Percentile by Number Answered

Percent of People with Each Score

Your Score History

You have not taken this quiz